| 000 | 00633nam a2200205 a 4500 | ||
|---|---|---|---|
| 005 | 20260309110938.0 | ||
| 008 | 050906s2002 es r 000 0 spa d | ||
| 020 | _a8432311073 | ||
| 035 | _aUPN01000139978 | ||
| 049 | _aCG | ||
| 050 | 4 |
_aB808.5 _bS7.4 |
|
| 100 | 1 |
_aStroll, Avrum, _d1921- |
|
| 245 | 1 | 3 |
_aLa filosofía analítica del siglo XX / _cpor Avrum Stroll ; tr. José Francisco Alvarez. |
| 260 |
_aMadrid : _bSiglo XXI, _cc2002. |
||
| 300 | _a349 p. | ||
| 440 | 0 | _aFilosofía | |
| 534 |
_pTítulo original: _tTwentieth-century analytic philosophy |
||
| 650 | 4 |
_aAnálisis (Filosofía) _xHistoria _98775 |
|
| 905 | _aLibro | ||
| 999 |
_c112126 _d112126 |
||